Orthographe - Le pluriel des noms #3 - Statistiques

Statistiques générales
  • Ce quiz a été pris 507 fois
  • Le résultat moyen est 24 sur 24
Statistiques - réponses
Nom Pluriel % Correct
corail coraux
100%
agneau agneaux
99%
boyau boyaux
99%
chacal chacals
99%
cheval chevaux
99%
esquimau esquimaux
99%
hôpital hôpitaux
99%
préau préaux
99%
récital récitals
99%
régal régals
99%
ail ails/aulx
98%
attirail attirails
98%
épouvantail épouvantails
98%
étal étals
98%
gruau gruaux
98%
journal journaux
98%
joyau joyaux
98%
soupirail soupiraux
98%
tonneau tonneaux
98%
tribunal tribunaux
98%
vitrail vitraux
98%
fabliau fabliaux
97%
mal maux
97%
sarrau sarraus
93%
Aucun quiz correspondant
Distribution des résultats
% des personnes avec chaque résultat
Percentile par nombre de réponses
Votre historique - résultats
Vous n’avez pas pris ce quiz